Score 0/22 Timer 03:00
0 Plays Today
Song Title Missing Word % Correct
____ Get You Off My Mind
Lenny Kravitz
Can't
94.8%
Mind ____ Matter
Young the Giant
Over
90.5%
New ____ State of Mind
Billy Joel
York
89.8%
____ Me in Mind
Zac Brown Band
Keep
84.3%
Out My Mind, ____ in Time
Erykah Badu
Just
83.2%
______ on My Mind
Elvis Presley
Always
82.7%
Mind Your _______
Pearl Jam
Manners
80%
Can You ____ My Mind
Maureen McGovern
Read
79.1%
Don't Mind __ I Don't
Trace Adkins ft. Trailer Choir
If
77.3%
______ on My Mind
Ray Charles
Georgia
76.9%
Got My Mind ___ on You
George Harrison
Set
76.3%
Song Title Missing Word % Correct
Mind Playing _____ on Me
Geto Boys
Tricks
75.4%
When the _____ Rules the Mind
GTR
Heart
70.6%
_____ of Mind
Boston
Peace
68.2%
______ State of Mind
Jay-Z ft. Alicia Keys
Empire
66.3%
Let Me ____ Ya Mind
Eve ft. Gwen Stefani
Blow
60.4%
____ Your Mind
En Vogue
Free
50.2%
____ My Mind
Brett Eldredge
Lose
43.6%
_____ You Mind
Janet Jackson
Would
39.1%
Mind Eraser, __ Chaser
Them Crooked Vultures
No
29.7%
_____ Mind
Prince
Dirty
25.8%
_________ Mind Control
Common ft. Pharrell
Universal
8%

Today's Daily Dose

You're not logged in!

Compare scores with friends on all Sporcle quizzes.
OR
Log In

Sporcle TV

Today on Sporcle TV


Watch our educational content, quiz creation guides, and fun videos on Sporcle TV.

Show Comments

Extras

Top Quizzes Today


Score Distribution

Your Account Isn't Verified!

In order to create a playlist on Sporcle, you need to verify the email address you used during registration. Go to your Sporcle Settings to finish the process.

Report this User

Report this user for behavior that violates our Community Guidelines.

Details: